000
00219nam a22000857a 4500
008
160908b xxu||||| |||| 00| 0 eng d
100
_9
336
_a
NCERT
245
_a
Indian Economic Development-XI
260
_a
New Delhi
_b
NCERT
_c
2011
999
_c
2996
_d
2996